|
|
|
|
| LEADER |
00000cam a2200000 a 4500 |
| 001 |
vtls010596136 |
| 003 |
SK-MaSNL |
| 005 |
20260301090545.0 |
| 008 |
160429s2013 xo o g 001 0 slo |
| 015 |
|
|
|a SNBA2014/06
|
| 020 |
|
|
|a 9788097098650 (viaz.)
|
| 035 |
|
|
|a 9211A8F0-A1D6-4FF3-8512-2EEC1DBCC241
|
| 035 |
|
|
|a urn:nbn:sk:snk-amkcjf
|
| 035 |
|
|
|a urn:nbn:sk:snk-am008hxl
|
| 040 |
|
|
|a SNK
|b slo
|c SNK
|e AACR2
|
| 041 |
0 |
|
|a slo
|
| 043 |
|
|
|a e-xo---
|a e-cs---
|
| 044 |
|
|
|a xo
|c SK
|
| 072 |
|
7 |
|a 323
|x Vnútropolitický vývoj, politický život
|2 konspekt
|
| 072 |
|
7 |
|a 929
|x Biografie
|2 konspekt
|
| 080 |
|
|
|a 323.28-051
|2 2001
|
| 080 |
|
|
|a 321.74
|2 2001
|
| 080 |
|
|
|a 2-674.5
|2 2001
|
| 080 |
|
|
|a (437.6)
|2 2001
|
| 080 |
|
|
|a (048.8)
|2 2001
|
| 080 |
|
|
|a (0:82-94)
|2 2001
|
| 080 |
|
|
|a 323.28
|2 2001
|
| 080 |
|
|
|a (437)
|2 2001
|
| 245 |
0 |
0 |
|a Triedni nepriatelia
|b svedectvá o brutalite komunistického režimu
|n IV.
|c zostavil Rudolf Dobiáš
|
| 246 |
3 |
0 |
|a Svedectvá o brutalite komunistického režimu
|
| 250 |
|
|
|a 1. vyd.
|
| 260 |
|
|
|a [Bratislava]
|b Hlbiny
|c 2013
|
| 300 |
|
|
|a 415 s.
|b fotogr.
|c 24 cm
|
| 500 |
|
|
|a Vydané pre Konfederáciu politických väzňov Slovenska
|
| 500 |
|
|
|a Miesto vyd. podľa ISBN
|
| 504 |
|
|
|a Men. reg.
|
| 648 |
|
7 |
|a 1948-1989
|2 SNKPH
|9 302537
|
| 650 |
0 |
7 |
|a politická perzekúcia
|2 SNKPH
|9 75134
|
| 650 |
0 |
7 |
|a komunistický režim
|2 SNKPH
|9 4699
|
| 650 |
0 |
7 |
|a náboženská perzekúcia
|2 SNKPH
|9 68303
|
| 650 |
0 |
7 |
|a Political persecution
|2 SNKPHeng
|9 265799
|
| 650 |
0 |
7 |
|a Communist regime
|2 SNKPHeng
|9 306476
|
| 650 |
0 |
7 |
|a Religious persecution
|2 SNKPHeng
|9 265800
|
| 650 |
0 |
7 |
|a politickí väzni
|2 SNKPH
|9 4581
|
| 650 |
0 |
7 |
|a Political prisoners
|2 SNKPHeng
|9 265801
|
| 655 |
|
7 |
|a monografie
|2 SNKPH
|9 70139
|
| 655 |
|
7 |
|a Monographs
|2 SNKPHeng
|9 120675
|
| 655 |
|
7 |
|a autobiografické spomienky
|2 SNKPH
|9 70489
|
| 655 |
|
7 |
|a Autobiographical reminiscences
|2 SNKPHeng
|9 302514
|
| 700 |
1 |
|
|a Dobiáš, Rudolf,
|d 1934-
|4 com
|9 218831
|
| 710 |
2 |
|
|a Konfederácia politických väzňov Slovenska
|4 pbl
|9 32952
|
| 852 |
|
|
|a Štátna vedecká knižnica v Banskej Bystrici
|
| 919 |
|
|
|a 978-80-970986-5-0
|
| 958 |
|
|
|a OND
|
| 999 |
|
|
|c 668521
|d 670451
|
| 952 |
|
|
|a SNK
|b SNK
|y PREZ
|7 0
|p 17A1110647
|o snkSC 116532/4
|i snk2014/12413
|8 0
|0 0
|1 0
|4 0
|d 2014-05-27
|f 1
|l 0
|r 2025-10-16 00:00:00
|w 2026-02-23
|
| 952 |
|
|
|a SNK
|b SNK
|y VYP
|7 0
|p 17A1110648
|o snkSC 116532/4 D1
|i snk2014/12414
|8 0
|0 0
|1 0
|4 0
|d 2014-05-27
|l 0
|r 2026-02-23 19:17:40
|w 2026-02-23
|